Guess the prehistoric animal based on inaccurate depictions - Statistics

General Stats
  • This quiz has been taken 51 times
  • The average score is 9 of 20
Answer Stats
Picture Answer % Correct
Parasaurolophus
83%
Mammoth
78%
Iguanodon
76%
Tyrannosaurus
71%
Megalosaurus
66%
Allosaurus
63%
Spinosaurus
61%
Stegosaurus
56%
Pachyrhinosaurus
54%
Pterodactylus
49%
Quetzalcoatlus
44%
Edmontosaurus
41%
Therizinosaurus
41%
Deinocheirus
34%
Hylaeosaurus
17%
Psittacosaurus
17%
Scelidosaurus
17%
Brontosaurus
15%
Hypsilophodon
12%
Aeolosaurus
10%
No matching quizzes found
Score Distribution
Percent of People with Each Score
Percentile by Number Answered
Your Score History
You have not taken this quiz